[Event "DEM U14 2025"]
[Site "Willingen GER"]
[Date "2025.06.08"]
[Round "1"]
[White "Leonhardt, Max"]
[Black "Zhang, Yibo"]
[Result "0-1"]
[Termination "normal"]
[Board "11"]
[WhiteElo "1785"]
[BlackElo "2014"]
[WhiteClock "00:28:55"]
[BlackClock "00:17:43"]
[PlyCount "98"]
[WhiteFideId "34623647"]
[BlackFideId "16287657"]
[EventCountry "GER"]
[EventRounds "9"]
[EventType "swiss"]
[EventDate "2025.06.07"]

1. Nf3 {[%clk 01:30:57]} {[%emt 00:00:03]} d5 {[%clk 01:30:34]} {[%emt
00:00:27]} 2. g3 {[%clk 01:30:58]} {[%emt 00:00:29]} Bf5 {[%clk 01:30:21]}
{[%emt 00:00:43]} 3. Bg2 {[%clk 01:31:18]} {[%emt 00:00:10]} Nf6 {[%clk
01:30:43]} {[%emt 00:00:07]} 4. O-O {[%clk 01:30:57]} {[%emt 00:00:52]} h6
{[%clk 01:30:59]} {[%emt 00:00:15]} 5. c4 {[%clk 01:31:08]} {[%emt 00:00:18]}
e6 {[%clk 01:30:28]} {[%emt 00:01:01]} 6. d4 {[%clk 01:31:01]} {[%emt
00:00:37]} c6 {[%clk 01:30:08]} {[%emt 00:00:50]} 7. b3 {[%clk 01:30:42]}
{[%emt 00:00:49]} Nbd7 {[%clk 01:29:35]} {[%emt 00:01:02]} 8. Re1 {[%clk
01:30:28]} {[%emt 00:00:44]} Ne4 {[%clk 01:20:52]} {[%emt 00:09:14]} 9. a3
{[%clk 01:21:40]} {[%emt 00:09:18]} Be7 {[%clk 01:19:12]} {[%emt 00:02:09]} 10.
Bb2 {[%clk 01:18:36]} {[%emt 00:03:35]} Ndf6 {[%clk 01:08:37]} {[%emt
00:11:05]} 11. e3 {[%clk 01:14:55]} {[%emt 00:04:11]} O-O {[%clk 01:07:56]}
{[%emt 00:01:11]} 12. Nbd2 {[%clk 01:12:32]} {[%emt 00:02:53]} a5 {[%clk
01:06:43]} {[%emt 00:01:43]} 13. c5 {[%clk 01:07:05]} {[%emt 00:05:57]} Nd7
{[%clk 00:56:29]} {[%emt 00:10:44]} 14. b4 {[%clk 01:04:01]} {[%emt 00:03:34]}
b6 {[%clk 00:51:42]} {[%emt 00:05:17]} 15. Nxe4 {[%clk 00:55:59]} {[%emt
00:08:32]} Bxe4 {[%clk 00:50:30]} {[%emt 00:01:42]} 16. Bf1 {[%clk 00:55:09]}
{[%emt 00:01:20]} Bf6 {[%clk 00:37:11]} {[%emt 00:13:49]} 17. cxb6 {[%clk
00:53:24]} {[%emt 00:02:14]} Qxb6 {[%clk 00:35:27]} {[%emt 00:02:14]} 18. Bc3
{[%clk 00:53:04]} {[%emt 00:00:51]} axb4 {[%clk 00:31:49]} {[%emt 00:04:07]}
19. Bxb4 {[%clk 00:50:32]} {[%emt 00:03:02]} c5 {[%clk 00:28:56]} {[%emt
00:03:23]} 20. dxc5 {[%clk 00:48:15]} {[%emt 00:02:47]} Nxc5 {[%clk 00:28:14]}
{[%emt 00:01:11]} 21. Rc1 {[%clk 00:47:19]} {[%emt 00:01:27]} Rfc8 {[%clk
00:26:01]} {[%emt 00:02:43]} 22. Nd4 {[%clk 00:44:54]} {[%emt 00:02:55]} Na6
{[%clk 00:19:31]} {[%emt 00:07:01]} 23. Bxa6 {[%clk 00:43:03]} {[%emt
00:02:20]} Qxa6 {[%clk 00:19:08]} {[%emt 00:00:54]} 24. Qd2 {[%clk 00:41:58]}
{[%emt 00:01:35]} Bg6 {[%clk 00:11:13]} {[%emt 00:08:25]} 25. Nb3 {[%clk
00:38:34]} {[%emt 00:03:53]} Qa7 {[%clk 00:03:49]} {[%emt 00:07:54]} 26. Rxc8+
{[%clk 00:30:42]} {[%emt 00:08:23]} Rxc8 {[%clk 00:04:17]} {[%emt 00:00:02]}
27. Rc1 {[%clk 00:31:02]} {[%emt 00:00:10]} Rxc1+ {[%clk 00:02:51]} {[%emt
00:01:55]} 28. Qxc1 {[%clk 00:31:26]} {[%emt 00:00:06]} Kh7 {[%clk 00:01:39]}
{[%emt 00:01:43]} 29. Qc6 {[%clk 00:29:14]} {[%emt 00:02:42]} Be7 {[%clk
00:00:39]} {[%emt 00:01:30]} 30. Na5 {[%clk 00:26:22]} {[%emt 00:03:21]} Bxb4
{[%clk 00:00:39]} {[%emt 00:00:30]} 31. axb4 {[%clk 00:26:47]} {[%emt
00:00:05]} Qe7 {[%clk 00:00:37]} {[%emt 00:00:33]} 32. Qc3 {[%clk 00:25:23]}
{[%emt 00:01:53]} Be4 {[%clk 00:00:39]} {[%emt 00:00:28]} 33. f4 {[%clk
00:24:56]} {[%emt 00:00:56]} Qd7 {[%clk 00:00:34]} {[%emt 00:00:37]} 34. Nc6
{[%clk 00:18:51]} {[%emt 00:06:35]} Qb7 {[%clk 00:00:42]} {[%emt 00:00:22]} 35.
Na5 {[%clk 00:12:22]} {[%emt 00:06:59]} Qb5 {[%clk 00:00:48]} {[%emt 00:00:23]}
36. Kf2 {[%clk 00:08:15]} {[%emt 00:04:37]} Qa4 {[%clk 00:00:56]} {[%emt
00:00:22]} 37. Nb3 {[%clk 00:08:36]} {[%emt 00:00:10]} Qa2+ {[%clk 00:00:31]}
{[%emt 00:00:54]} 38. Nd2 {[%clk 00:08:58]} {[%emt 00:00:08]} Bf5 {[%clk
00:00:33]} {[%emt 00:00:28]} 39. Kg2 {[%clk 00:01:25]} {[%emt 00:08:03]} Qa6
{[%clk 00:00:37]} {[%emt 00:00:27]} 40. Kf2 {[%clk 00:01:18]} {[%emt 00:00:36]}
Bg4 {[%clk 00:00:32]} {[%emt 00:00:35]} 41. Nf3 {[%clk 00:01:31]} {[%emt
00:00:17]} Bxf3 {[%clk 00:28:51]} {[%emt 00:02:11]} 42. Kxf3 {[%clk 00:31:43]}
{[%emt 00:00:19]} Qf1+ {[%clk 00:24:36]} {[%emt 00:04:44]} 43. Kg4 {[%clk
00:29:42]} {[%emt 00:02:31]} f5+ {[%clk 00:19:11]} {[%emt 00:05:55]} 44. Kh4
{[%clk 00:29:57]} {[%emt 00:00:15]} Qg2 {[%clk 00:17:40]} {[%emt 00:02:01]} 45.
h3 {[%clk 00:29:15]} {[%emt 00:01:12]} g5+ {[%clk 00:17:06]} {[%emt 00:01:04]}
46. fxg5 {[%clk 00:29:36]} {[%emt 00:00:09]} hxg5+ {[%clk 00:17:20]} {[%emt
00:00:16]} 47. Kh5 {[%clk 00:28:10]} {[%emt 00:01:57]} Qxh3+ {[%clk 00:17:38]}
{[%emt 00:00:11]} 48. Kxg5 {[%clk 00:28:34]} {[%emt 00:00:06]} Qxg3+ {[%clk
00:17:43]} {[%emt 00:00:24]} 49. Kh5 {[%clk 00:28:55]} {[%emt 00:00:09]} Qg4#
{[%emt 00:00:46]} 0-1

[Event "DEM U14 2025"]
[Site "Willingen GER"]
[Date "2025.06.08"]
[Round "1"]
[White "Mandalka, Justus"]
[Black "Meitzner, Johan Eduard"]
[Result "1-0"]
[Termination "normal"]
[Board "12"]
[WhiteElo "2076"]
[BlackElo "1714"]
[WhiteClock "01:00:26"]
[BlackClock "00:20:56"]
[PlyCount "133"]
[WhiteFideId "16298144"]
[BlackFideId "34623612"]
[EventCountry "GER"]
[EventRounds "9"]
[EventType "swiss"]
[EventDate "2025.06.07"]

1. e4 {[%clk 01:30:57]} {[%emt 00:00:02]} c5 {[%clk 01:30:56]} {[%emt
00:00:05]} 2. Nf3 {[%clk 01:31:21]} {[%emt 00:00:06]} e6 {[%clk 01:31:19]}
{[%emt 00:00:07]} 3. d4 {[%clk 01:31:41]} {[%emt 00:00:10]} cxd4 {[%clk
01:31:44]} {[%emt 00:00:06]} 4. Nxd4 {[%clk 01:32:05]} {[%emt 00:00:05]} Nc6
{[%clk 01:32:07]} {[%emt 00:00:07]} 5. Nc3 {[%clk 01:31:48]} {[%emt 00:00:47]}
Qc7 {[%clk 01:32:16]} {[%emt 00:00:21]} 6. Ndb5 {[%clk 01:29:58]} {[%emt
00:02:21]} Qb8 {[%clk 01:32:24]} {[%emt 00:00:21]} 7. Be2 {[%clk 01:27:03]}
{[%emt 00:03:25]} a6 {[%clk 01:32:27]} {[%emt 00:00:27]} 8. Nd4 {[%clk
01:27:08]} {[%emt 00:00:25]} Nf6 {[%clk 01:30:24]} {[%emt 00:02:33]} 9. O-O
{[%clk 01:26:25]} {[%emt 00:01:12]} Be7 {[%clk 01:28:14]} {[%emt 00:02:41]} 10.
Kh1 {[%clk 01:23:39]} {[%emt 00:03:16]} O-O {[%clk 01:20:21]} {[%emt 00:08:23]}
11. f4 {[%clk 01:21:43]} {[%emt 00:02:26]} d6 {[%clk 01:13:33]} {[%emt
00:07:17]} 12. a4 {[%clk 01:20:22]} {[%emt 00:01:52]} Bd7 {[%clk 01:05:18]}
{[%emt 00:08:44]} 13. Be3 {[%clk 01:15:41]} {[%emt 00:05:11]} Qc7 {[%clk
01:00:52]} {[%emt 00:04:57]} 14. f5 {[%clk 01:12:07]} {[%emt 00:04:03]} Nxd4
{[%clk 00:56:04]} {[%emt 00:05:18]} 15. Bxd4 {[%clk 01:11:33]} {[%emt
00:01:05]} e5 {[%clk 00:54:11]} {[%emt 00:02:23]} 16. Be3 {[%clk 01:09:37]}
{[%emt 00:02:26]} Bc6 {[%clk 00:54:25]} {[%emt 00:00:15]} 17. Bf3 {[%clk
01:08:26]} {[%emt 00:01:42]} b6 {[%clk 00:41:57]} {[%emt 00:12:59]} 18. Qd3
{[%clk 01:02:48]} {[%emt 00:06:07]} Rfd8 {[%clk 00:39:04]} {[%emt 00:03:21]}
19. g4 {[%clk 00:59:49]} {[%emt 00:03:30]} h6 {[%clk 00:35:38]} {[%emt
00:03:57]} 20. Rad1 {[%clk 00:56:33]} {[%emt 00:03:44]} Nh7 {[%clk 00:31:36]}
{[%emt 00:04:33]} 21. Bg2 {[%clk 00:52:40]} {[%emt 00:04:24]} Qb7 {[%clk
00:29:46]} {[%emt 00:02:20]} 22. Bc1 {[%clk 00:49:49]} {[%emt 00:03:21]} b5
{[%clk 00:22:58]} {[%emt 00:07:17]} 23. Qg3 {[%clk 00:48:03]} {[%emt 00:02:16]}
b4 {[%clk 00:18:11]} {[%emt 00:05:18]} 24. Nd5 {[%clk 00:48:25]} {[%emt
00:00:07]} Bxd5 {[%clk 00:18:28]} {[%emt 00:00:13]} 25. exd5 {[%clk 00:48:38]}
{[%emt 00:00:17]} Rac8 {[%clk 00:14:41]} {[%emt 00:04:17]} 26. Rf2 {[%clk
00:47:48]} {[%emt 00:01:20]} Rd7 {[%clk 00:14:20]} {[%emt 00:00:51]} 27. f6
{[%clk 00:44:24]} {[%emt 00:03:55]} Bxf6 {[%clk 00:12:33]} {[%emt 00:02:16]}
28. Be4 {[%clk 00:44:40]} {[%emt 00:00:13]} Ng5 {[%clk 00:11:28]} {[%emt
00:01:36]} 29. Bf5 {[%clk 00:44:49]} {[%emt 00:00:22]} Rdc7 {[%clk 00:11:48]}
{[%emt 00:00:09]} 30. h4 {[%clk 00:42:47]} {[%emt 00:02:31]} Ne6 {[%clk
00:11:55]} {[%emt 00:00:24]} 31. g5 {[%clk 00:42:41]} {[%emt 00:00:37]} hxg5
{[%clk 00:11:56]} {[%emt 00:00:29]} 32. hxg5 {[%clk 00:43:09]} {[%emt
00:00:02]} Bd8 {[%clk 00:07:52]} {[%emt 00:04:33]} 33. g6 {[%clk 00:42:57]}
{[%emt 00:00:42]} Nd4 {[%clk 00:07:46]} {[%emt 00:00:36]} 34. Bxc8 {[%clk
00:39:37]} {[%emt 00:03:50]} Qxc8 {[%clk 00:07:59]} {[%emt 00:00:16]} 35. gxf7+
{[%clk 00:39:48]} {[%emt 00:00:20]} Rxf7 {[%clk 00:08:18]} {[%emt 00:00:11]}
36. Rxf7 {[%clk 00:39:44]} {[%emt 00:00:34]} Kxf7 {[%clk 00:08:42]} {[%emt
00:00:06]} 37. c3 {[%clk 00:37:49]} {[%emt 00:02:26]} bxc3 {[%clk 00:07:48]}
{[%emt 00:01:24]} 38. bxc3 {[%clk 00:38:11]} {[%emt 00:00:08]} Nf5 {[%clk
00:07:58]} {[%emt 00:00:18]} 39. Qh3 {[%clk 00:38:19]} {[%emt 00:00:22]} Bf6
{[%clk 00:01:57]} {[%emt 00:06:32]} 40. Rg1 {[%clk 00:35:31]} {[%emt 00:03:18]}
Ne7 {[%clk 00:00:36]} {[%emt 00:01:51]} 41. Qxc8 {[%clk 00:34:08]} {[%emt
00:01:53]} Nxc8 {[%clk 00:00:54]} {[%emt 00:00:13]} 42. Be3 {[%clk 00:34:30]}
{[%emt 00:00:07]} Ne7 {[%clk 00:28:29]} {[%emt 00:02:55]} 43. c4 {[%clk
01:04:50]} {[%emt 00:00:10]} Nf5 {[%clk 00:28:46]} {[%emt 00:00:13]} 44. Bf2
{[%clk 01:02:43]} {[%emt 00:02:38]} e4 {[%clk 00:22:54]} {[%emt 00:06:21]} 45.
Re1 {[%clk 01:01:57]} {[%emt 00:01:15]} e3 {[%clk 00:22:39]} {[%emt 00:00:46]}
46. Bxe3 {[%clk 01:00:55]} {[%emt 00:01:33]} Nxe3 {[%clk 00:22:59]} {[%emt
00:00:09]} 47. Rxe3 {[%clk 01:01:19]} {[%emt 00:00:05]} Bd4 {[%clk 00:22:32]}
{[%emt 00:00:54]} 48. Re6 {[%clk 01:00:47]} {[%emt 00:01:06]} Bc5 {[%clk
00:22:52]} {[%emt 00:00:08]} 49. Kg2 {[%clk 01:01:16]} {[%emt 00:00:03]} a5
{[%clk 00:23:08]} {[%emt 00:00:15]} 50. Kf3 {[%clk 01:01:41]} {[%emt 00:00:04]}
Bb4 {[%clk 00:23:21]} {[%emt 00:00:17]} 51. Kg4 {[%clk 01:01:34]} {[%emt
00:00:37]} Bc5 {[%clk 00:23:28]} {[%emt 00:00:23]} 52. Re2 {[%clk 01:01:50]}
{[%emt 00:00:15]} Bd4 {[%clk 00:22:57]} {[%emt 00:01:00]} 53. Rd2 {[%clk
01:01:47]} {[%emt 00:00:33]} Bc5 {[%clk 00:23:14]} {[%emt 00:00:11]} 54. Rb2
{[%clk 01:01:38]} {[%emt 00:00:41]} Kf6 {[%clk 00:22:31]} {[%emt 00:01:12]} 55.
Kf4 {[%clk 01:01:05]} {[%emt 00:01:04]} g5+ {[%clk 00:19:38]} {[%emt 00:03:23]}
56. Ke4 {[%clk 00:58:20]} {[%emt 00:03:15]} Kg6 {[%clk 00:19:26]} {[%emt
00:00:42]} 57. Rb5 {[%clk 00:58:09]} {[%emt 00:00:41]} Bb4 {[%clk 00:19:26]}
{[%emt 00:00:30]} 58. Rb6 {[%clk 00:58:14]} {[%emt 00:00:26]} Bc5 {[%clk
00:19:20]} {[%emt 00:00:35]} 59. Ra6 {[%clk 00:58:34]} {[%emt 00:00:10]} Bb4
{[%clk 00:19:04]} {[%emt 00:00:46]} 60. c5 {[%clk 00:58:56]} {[%emt 00:00:09]}
Bxc5 {[%clk 00:18:53]} {[%emt 00:00:41]} 61. Rxa5 {[%clk 00:59:16]} {[%emt
00:00:10]} Kh5 {[%clk 00:19:08]} {[%emt 00:00:12]} 62. Rxc5 {[%clk 00:59:24]}
{[%emt 00:00:25]} dxc5 {[%clk 00:19:29]} {[%emt 00:00:08]} 63. d6 {[%clk
00:59:47]} {[%emt 00:00:07]} c4 {[%clk 00:19:50]} {[%emt 00:00:09]} 64. d7
{[%clk 01:00:11]} {[%emt 00:00:06]} c3 {[%clk 00:20:16]} {[%emt 00:00:05]} 65.
d8=Q {[%clk 01:00:28]} {[%emt 00:00:13]} c2 {[%clk 00:20:39]} {[%emt 00:00:06]}
66. Kf5 {[%clk 01:00:39]} {[%emt 00:00:20]} c1=Q {[%clk 00:20:56]} {[%emt
00:00:12]} 67. Qh8 {[%clk 01:00:26]} {[%emt 00:00:04]} 1-0

[Event "DEM U14 2025"]
[Site "Willingen GER"]
[Date "2025.06.08"]
[Round "1"]
[White "Bundan, Edward"]
[Black "Böhler, Yannic"]
[Result "0-1"]
[Termination "normal"]
[Board "14"]
[WhiteElo "2038"]
[BlackElo "1711"]
[WhiteClock "00:01:42"]
[BlackClock "00:08:16"]
[PlyCount "64"]
[WhiteFideId "34603042"]
[BlackFideId "34609059"]
[EventCountry "GER"]
[EventRounds "9"]
[EventType "swiss"]
[EventDate "2025.06.07"]

1. d4 {[%clk 01:30:58]} {[%emt 00:00:01]} Nf6 {[%clk 01:30:55]} {[%emt
00:00:06]} 2. c4 {[%clk 01:31:19]} {[%emt 00:00:08]} g6 {[%clk 01:31:23]}
{[%emt 00:00:02]} 3. Nc3 {[%clk 01:31:36]} {[%emt 00:00:14]} Bg7 {[%clk
01:31:51]} {[%emt 00:00:02]} 4. e4 {[%clk 01:31:50]} {[%emt 00:00:15]} d6
{[%clk 01:32:20]} {[%emt 00:00:02]} 5. Nf3 {[%clk 01:31:54]} {[%emt 00:00:27]}
O-O {[%clk 01:32:40]} {[%emt 00:00:09]} 6. Be2 {[%clk 01:32:11]} {[%emt
00:00:13]} e5 {[%clk 01:33:05]} {[%emt 00:00:06]} 7. Be3 {[%clk 01:32:31]}
{[%emt 00:00:09]} Ng4 {[%clk 01:32:48]} {[%emt 00:00:47]} 8. Bg5 {[%clk
01:26:54]} {[%emt 00:06:07]} f6 {[%clk 01:32:50]} {[%emt 00:00:28]} 9. Bc1
{[%clk 01:25:35]} {[%emt 00:01:49]} Nc6 {[%clk 01:27:39]} {[%emt 00:05:42]} 10.
d5 {[%clk 01:23:30]} {[%emt 00:02:35]} Ne7 {[%clk 01:26:32]} {[%emt 00:01:36]}
11. h3 {[%clk 01:18:40]} {[%emt 00:05:20]} Nh6 {[%clk 01:26:27]} {[%emt
00:00:36]} 12. g4 {[%clk 01:00:46]} {[%emt 00:18:23]} f5 {[%clk 01:15:20]}
{[%emt 00:11:36]} 13. g5 {[%clk 00:59:49]} {[%emt 00:01:27]} Nf7 {[%clk
01:14:28]} {[%emt 00:01:22]} 14. Be3 {[%clk 00:56:36]} {[%emt 00:03:43]} c6
{[%clk 01:07:22]} {[%emt 00:07:36]} 15. Qb3 {[%clk 00:47:05]} {[%emt 00:10:01]}
cxd5 {[%clk 00:51:16]} {[%emt 00:16:36]} 16. Nxd5 {[%clk 00:40:34]} {[%emt
00:07:02]} Nxd5 {[%clk 00:48:40]} {[%emt 00:03:06]} 17. cxd5 {[%clk 00:38:34]}
{[%emt 00:02:29]} fxe4 {[%clk 00:42:37]} {[%emt 00:06:33]} 18. Nd2 {[%clk
00:38:43]} {[%emt 00:00:21]} Nxg5 {[%clk 00:42:18]} {[%emt 00:00:50]} 19. h4
{[%clk 00:29:42]} {[%emt 00:09:31]} Nf3+ {[%clk 00:40:59]} {[%emt 00:01:49]}
20. Bxf3 {[%clk 00:28:16]} {[%emt 00:01:56]} exf3 {[%clk 00:41:17]} {[%emt
00:00:11]} 21. h5 {[%clk 00:22:37]} {[%emt 00:06:08]} Bf5 {[%clk 00:37:06]}
{[%emt 00:04:41]} 22. hxg6 {[%clk 00:22:35]} {[%emt 00:00:32]} Bxg6 {[%clk
00:36:41]} {[%emt 00:00:55]} 23. Qxb7 {[%clk 00:14:45]} {[%emt 00:08:21]} Rb8
{[%clk 00:23:48]} {[%emt 00:13:23]} 24. Qxa7 {[%clk 00:13:59]} {[%emt
00:01:17]} Rxb2 {[%clk 00:22:34]} {[%emt 00:01:43]} 25. a4 {[%clk 00:10:45]}
{[%emt 00:03:44]} Qc8 {[%clk 00:13:32]} {[%emt 00:09:31]} 26. Qa5 {[%clk
00:07:52]} {[%emt 00:03:25]} Rc2 {[%clk 00:10:12]} {[%emt 00:03:50]} 27. Rd1
{[%clk 00:04:51]} {[%emt 00:03:31]} Rc1 {[%clk 00:08:04]} {[%emt 00:02:37]} 28.
Nxf3 {[%clk 00:00:53]} {[%emt 00:04:28]} Rxd1+ {[%clk 00:08:09]} {[%emt
00:00:26]} 29. Kxd1 {[%clk 00:01:16]} {[%emt 00:00:08]} Qc2+ {[%clk 00:07:54]}
{[%emt 00:00:45]} 30. Ke1 {[%clk 00:01:39]} {[%emt 00:00:07]} Qb1+ {[%clk
00:07:32]} {[%emt 00:00:52]} 31. Ke2 {[%clk 00:01:34]} {[%emt 00:00:34]} Bd3+
{[%clk 00:07:53]} {[%emt 00:00:08]} 32. Kd2 {[%clk 00:01:42]} {[%emt 00:00:23]}
Qc2+ {[%clk 00:08:16]} {[%emt 00:00:07]} 0-1

[Event "DEM U14 2025"]
[Site "Willingen GER"]
[Date "2025.06.08"]
[Round "1"]
[White "Svanidze, Alexander"]
[Black "Savchuk, Alexander"]
[Result "1-0"]
[Termination "normal"]
[Board "15"]
[WhiteElo "1720"]
[BlackElo "1935"]
[WhiteClock "00:04:30"]
[BlackClock "00:01:47"]
[PlyCount "67"]
[WhiteFideId "34623469"]
[BlackFideId "34617434"]
[EventCountry "GER"]
[EventRounds "9"]
[EventType "swiss"]
[EventDate "2025.06.07"]

1. e4 {[%clk 01:30:58]} c5 {[%clk 01:30:36]} {[%emt 00:00:25]} 2. Nf3 {[%clk
01:31:21]} {[%emt 00:00:07]} d6 {[%clk 01:30:40]} {[%emt 00:00:26]} 3. d4
{[%clk 01:31:43]} {[%emt 00:00:08]} cxd4 {[%clk 01:30:57]} {[%emt 00:00:13]} 4.
Nxd4 {[%clk 01:32:06]} {[%emt 00:00:05]} Nf6 {[%clk 01:30:38]} {[%emt
00:00:51]} 5. Nc3 {[%clk 01:32:29]} {[%emt 00:00:07]} Nc6 {[%clk 01:30:37]}
{[%emt 00:00:32]} 6. Bc4 {[%clk 01:29:23]} {[%emt 00:03:35]} e6 {[%clk
01:30:52]} {[%emt 00:00:16]} 7. f3 {[%clk 01:26:19]} {[%emt 00:03:33]} Bd7
{[%clk 01:21:37]} {[%emt 00:09:45]} 8. Be3 {[%clk 01:20:36]} {[%emt 00:06:13]}
a6 {[%clk 01:21:44]} {[%emt 00:00:23]} 9. Qd2 {[%clk 01:18:40]} {[%emt
00:02:26]} b5 {[%clk 01:15:58]} {[%emt 00:06:17]} 10. Nxc6 {[%clk 01:16:26]}
{[%emt 00:02:42]} Bxc6 {[%clk 01:16:15]} {[%emt 00:00:15]} 11. Bb3 {[%clk
01:16:34]} {[%emt 00:00:22]} Be7 {[%clk 01:14:35]} {[%emt 00:02:09]} 12. a4
{[%clk 01:09:56]} {[%emt 00:07:08]} O-O {[%clk 01:12:28]} {[%emt 00:02:38]} 13.
axb5 {[%clk 01:05:41]} {[%emt 00:04:45]} axb5 {[%clk 01:10:46]} {[%emt
00:02:12]} 14. Rxa8 {[%clk 01:05:23]} {[%emt 00:00:47]} Qxa8 {[%clk 01:11:04]}
{[%emt 00:00:13]} 15. O-O {[%clk 01:05:40]} {[%emt 00:00:11]} Nd7 {[%clk
01:02:49]} {[%emt 00:08:47]} 16. Bf4 {[%clk 00:46:58]} {[%emt 00:19:12]} Rd8
{[%clk 00:53:23]} {[%emt 00:09:56]} 17. Qe2 {[%clk 00:39:55]} {[%emt 00:07:33]}
Qb7 {[%clk 00:51:23]} {[%emt 00:02:30]} 18. Ra1 {[%clk 00:36:43]} {[%emt
00:03:41]} Nc5 {[%clk 00:49:22]} {[%emt 00:02:31]} 19. Ba2 {[%clk 00:34:35]}
{[%emt 00:02:39]} b4 {[%clk 00:47:13]} {[%emt 00:02:40]} 20. Nd1 {[%clk
00:29:04]} {[%emt 00:05:59]} Ra8 {[%clk 00:45:56]} {[%emt 00:01:48]} 21. b3
{[%clk 00:29:11]} {[%emt 00:00:24]} Ra6 {[%clk 00:18:49]} {[%emt 00:27:36]} 22.
c3 {[%clk 00:17:08]} {[%emt 00:12:33]} Qa8 {[%clk 00:15:24]} {[%emt 00:03:54]}
23. Qc2 {[%clk 00:15:23]} {[%emt 00:02:15]} Ra3 {[%clk 00:13:37]} {[%emt
00:02:17]} 24. e5 {[%clk 00:12:32]} {[%emt 00:03:21]} dxe5 {[%clk 00:08:39]}
{[%emt 00:05:28]} 25. cxb4 {[%clk 00:08:35]} {[%emt 00:04:27]} Nxb3 {[%clk
00:08:06]} {[%emt 00:01:03]} 26. Bb1 {[%clk 00:08:44]} {[%emt 00:00:22]} Bc5+
{[%clk 00:03:54]} {[%emt 00:04:42]} 27. bxc5 {[%clk 00:07:13]} {[%emt
00:01:59]} Rxa1 {[%clk 00:03:43]} {[%emt 00:00:43]} 28. Qxh7+ {[%clk 00:03:13]}
{[%emt 00:04:28]} Kf8 {[%clk 00:04:06]} {[%emt 00:00:07]} 29. Bxe5 {[%clk
00:03:37]} {[%emt 00:00:07]} Rxb1 {[%clk 00:00:52]} {[%emt 00:03:43]} 30. Bd6+
{[%clk 00:03:47]} {[%emt 00:00:20]} Ke8 {[%clk 00:01:08]} {[%emt 00:00:14]} 31.
Qg8+ {[%clk 00:04:03]} {[%emt 00:00:14]} Kd7 {[%clk 00:01:30]} {[%emt
00:00:08]} 32. Qxf7+ {[%clk 00:04:23]} {[%emt 00:00:09]} Kd8 {[%clk 00:01:45]}
{[%emt 00:00:16]} 33. Qc7+ {[%clk 00:04:39]} {[%emt 00:00:14]} Ke8 {[%clk
00:01:47]} {[%emt 00:00:29]} 34. Qe7# {[%clk 00:04:30]} {[%emt 00:00:08]} 1-0